000 00367nam a2200133Ia 4500
008 100328s9999 xx 000 0 und d
082 _b11245
100 _aकुलकर्णी वि.म.
245 _aपाऊल खुणा
260 _bव्हीनस
630 _aपाऊल खुणा
730 _aपाऊल खुणा
942 _cBOOK
999 _c506578
_d506575